| 000 | 00621nam a2200193Ia 4500 | ||
|---|---|---|---|
| 008 | 090123s9999 xx 000 0 und d | ||
| 082 | _b23748 | ||
| 100 | _aमुळ्ये प्रदीप | ||
| 245 | _aते आणि आम्ही | ||
| 250 | _a1 | ||
| 260 |
_bअविष्कार प्रकाशन _c1992 |
||
| 300 | _a208 | ||
| 600 | _aमुळ्ये प्रदीप | ||
| 630 | _aते आणि आम्ही | ||
| 700 | _aमुळ्ये प्रदीप | ||
| 700 | _aमुळ्ये प्रदीप | ||
| 730 | _aते आणि आम्ही | ||
| 942 | _cBOOK | ||
| 999 |
_c61819 _d61819 |
||